书目信息 |
| 题名: |
太虚学术论著
|
|
| 作者: | 印永清 编 | |
| 分册: | ||
| 出版信息: | 杭州 浙江人民出版社 1998.06 |
|
| 页数: | 297页 | |
| 开本: | 32开 | |
| 丛书名: | ||
| 单 册: | ||
| 中图分类: | B94-53 | |
| 科图分类: | ||
| 主题词: | 佛教 | |
| 电子资源: | ||
| ISBN: | 7-213-01549-4 | |
| 000 | 00529nam0 2200193 45 | |
| 001 | 0012151613 | |
| 005 | 20001215160424.7 | |
| 010 | @a7-213-01549-4@d16.50元 | |
| 100 | @a20001215d1998 km y0chiy0120 ea | |
| 101 | 0 | @achi |
| 105 | @a z 000yy | |
| 200 | 1 | @a太虚学术论著@ATai Xu Xue Shu Lun Zhu@f印永清编@FYin Yong Qing Bian |
| 210 | @a杭州@c浙江人民出版社@d1998.06 | |
| 215 | @a297页@d32开 | |
| 606 | 0 | @a佛教 |
| 690 | @aB94-53@v3 | |
| 701 | 0 | @a印永清@4编 |
| 801 | @aCN@bPftUser@c20001215 | |
| 905 | @b313987@dB94-53@eY695@f1 | |
| 太虚学术论著/印永清编.-杭州:浙江人民出版社,1998.06 |
| 297页;32开 |
| ISBN 7-213-01549-4:16.50元 |
| ● |
| 相关链接 |
|
|
|
正题名:太虚学术论著
索取号:B94-53/Y695
 
预约/预借
| 序号 | 登录号 | 条形码 | 馆藏地/架位号 | 状态 | 备注 |
| 1 | 313987 | 203139870 | 自科二线400A/400A自科库 12排3列4层/ [索取号:B94-53/Y695] | 在馆 |